PHARMACOLOGY :PRINCIPLES AND APPLICATION (Record no. 199516)

MARC details
000 -LEADER
fixed length control field 00254nam a2200097Ia 4500
050 ## - LIBRARY OF CONGRESS CALL NUMBER
Classification number RM 300 F 85 2009
100 ## - MAIN ENTRY--PERSONAL NAME
Personal name FULCHER EUGENIA M.
245 #0 - TITLE STATEMENT
Title PHARMACOLOGY :PRINCIPLES AND APPLICATION
942 ## - ADDED ENTRY ELEMENTS (KOHA)
Koha item type Long Loan Book
Holdings
Withdrawn status Lost status Source of classification or shelving scheme Damaged status Not for loan Collection Home library Current library Shelving location Date acquired Inventory number Total checkouts Full call number Barcode Date last seen Copy number Price effective from Koha item type Date last checked out
    Library of Congress Classification     Medicine Kisii University Library Kisii University Library On Display 09/15/2023 41401   RM 300 .F85 2009 018728 09/15/2023 C. 4 09/15/2023 Long Loan Book  
    Library of Congress Classification     Medicine Kisii University Library Kisii University Library On Display 09/15/2023 41423 1 RM 300 .F85 2009 000000004457 06/10/2025 C. 26 09/15/2023 Long Loan Book 05/26/2025
    Library of Congress Classification     Medicine Kisii University Library Kisii University Library On Display 09/15/2023 45239   RM 300 .F85 2009 018748 08/19/2025 C. 43 09/15/2023 Long Loan Book  
    Library of Congress Classification     Medicine Kisii University Library Kisii University Library On Display 09/15/2023 41438   RM 300 .F85 2009 000000004461 03/19/2024 C. 41 09/15/2023 Long Loan Book  
    Library of Congress Classification     Medicine Kisii University Library Kisii University Library On Display 09/15/2023 43386   RM 300 .F85 2009 018749 03/19/2024 C. 42 09/15/2023 Long Loan Book  
    Library of Congress Classification     Medicine Kisii University Library Kisii University Library On Display 09/15/2023 41427   RM 300 .F85 2009 000000004460 03/19/2024 C. 30 09/15/2023 Long Loan Book  
    Library of Congress Classification     Medicine Kisii University Library Kisii University Library On Display 09/15/2023 41428   RM 300 .F85 2009 000000004458 03/19/2024 C. 31 09/15/2023 Long Loan Book  
    Library of Congress Classification     Medicine Kisii University Library Kisii University Library On Display 09/15/2023 41430 1 RM 300 .F85 2009 018792 03/07/2026 C. 33 09/15/2023 Long Loan Book 02/23/2026
    Library of Congress Classification     Medicine Kisii University Library Kisii University Library On Display 09/15/2023 41410 1 RM 300 .F85 2009 018797 10/28/2024 C. 13 09/15/2023 Long Loan Book 10/14/2024
    Library of Congress Classification     Medicine Kisii University Library Kisii University Library On Display 09/15/2023 41413   RM 300 .F85 2009 018795 03/19/2024 C. 16 09/15/2023 Long Loan Book  
    Library of Congress Classification     Medicine Kisii University Library Kisii University Library On Display 09/15/2023 41418 1 RM 300 .F85 2009 018794 10/31/2024 C. 21 09/15/2023 Long Loan Book 10/23/2024
    Library of Congress Classification     Medicine Kisii University Library Kisii University Library On Display 09/15/2023 41431 1 RM 300 .F85 2009 018752 10/08/2025 C. 34 09/15/2023 Long Loan Book 09/21/2025
    Library of Congress Classification     Medicine Kisii University Library Kisii University Library On Display 09/15/2023 41433   RM 300 .F85 2009 018751 03/19/2024 C. 36 09/15/2023 Long Loan Book  
    Library of Congress Classification     Medicine Kisii University Library Kisii University Library On Display 09/15/2023 41412   RM 300 .F85 2009 018796 03/19/2024 C. 15 09/15/2023 Long Loan Book  
    Library of Congress Classification     Medicine Kisii University Library Kisii University Library On Display 09/15/2023 41415   RM 300 .F85 2009 000000004459 02/20/2026 C. 18 09/15/2023 Long Loan Book  
    Library of Congress Classification     Medicine Kisii University Library Kisii University Library On Display 09/15/2023 41411 1 RM 300 .F85 2009 000000004564 10/14/2024 C. 14 09/15/2023 Long Loan Book 10/04/2024
    Library of Congress Classification     Medicine Kisii University Library Kisii University Library On Display 09/15/2023 41422   RM 300 .F85 2009 000000023735 01/20/2026 C. 25 09/15/2023 Long Loan Book